00967nam a2200229 a 4500001001000000005001700010008004100027050002100068100005300089245016600142260005000308300002700358440005300385500000800438650005300446700005700499700003500556902000800591942001100599999001500610952011200625BRCA_292920190320204031.0151208s1939----mx-a---###---#000-0#spa-# 4aF1386b.C47 19391 aCervantes de Salazar, Franciscod1514-15759815110aMéxico en 1554btres dialogos latinoscFrancisco Cervantes de Salazar ; traducidos por Joaquín García Icazbalceta 9 notas preliminares Julio Jiminez Rueda. aMéxicobUniversidad Nacional Autonomac1939 av, 190 p.bil.c21 cm. 0aBiblioteca del estudiante universitarion398152 aB6914aCiudad de MéxicoxDescripción y viajes981531 aGarcía Icazbalceta, Joaquínf1828-1894etr981541 aJimenez Rueda, Julioeed98155 aGFM 2lcccB c2668d2668 00104070aBRCAbBRCAd2008-12-15iB69l0oF1386 .C47 1939 (B69)p2926r2019-03-22 00:00:00w2019-03-22yB